| 000 | 00450nam a2200169 a 4500 | ||
|---|---|---|---|
| 001 | 3806 | ||
| 005 | 20140414131927.0 | ||
| 008 | 061013s19uu xx 00 eng d | ||
| 020 | _a0-307-11154-7 | ||
| 050 |
_aER _bT41 1970 |
||
| 245 |
_aThe three little kittens / _cillustrated by Masha. |
||
| 260 |
_aNew York : _bA Golden Book, _c1970. |
||
| 300 | _ap. ; cm. | ||
| 650 |
_aKittens _xfiction. |
||
| 650 | _aChildren stories. | ||
| 999 |
_c112103 _d112103 |
||